000 00450nam a2200157 i 4500
001 46071
003 ES-MaACL
005 20230906161326.0
007 t|
008 030327s1970 sp ||||1| spa d
111 2 _aConcurso Literario Popular del Club CCC (
_n10º)
_9132
245 1 0 _a10º concurso literario popular del Club CCC.
260 _aSan Sebastián :
_bCCC,
_c[1970]
300 _a276 p. ;
_c20 cm.
852 _aES-MaACL
_jC-50125
_bR.74506
999 _c46071
_d46071